000 01200cam a2200229Ii 4500
020 _a9780073516868
020 _a0073516864
040 _cDLC
082 0 4 _a004 OLE 2021 A035 Or.
100 1 _aO'Leary, Timothy J.,
245 1 0 _aComputing essentials :
_bmaking IT work for you /
246 1 4 _aComputing essentials 2014
250 _aComplete edition
300 _axxvii, 438 pages :
_billustrations ;
_c28 cm
490 1 _aThe O'Leary series
500 _aIncludes index
520 _a"Computing Essentials 2014 provides you with a complete learning solution focusing on the most important, essential, and current concepts of information technology. Students are given a streamlined, concise, relevant approach to the fundamental issues surrounding the world of computing through a balance between theory and applied learning of these important topics. Overall, all of the items featured with this text --including the end-of-chapter materials and the text Web sit-work together to help students truly understand the basics of computer concepts." --Publisher's website
650 0 _aComputers.
650 0 _aElectronic data processing.
700 1 _aO'Leary, Linda I.,
942 _cAEDBB
999 _c20771
_d20771